| 000 | 00961cab a2200253 4500 | ||
|---|---|---|---|
| 001 | ABS57435 | ||
| 008 | 090401t1997 xxu||||| |||| 00| 0 eng d | ||
| 035 | _a(Sirsi) u80203 | ||
| 041 | _aeng | ||
| 100 | _aShabha, G. | ||
| 245 | 4 | _aThe long-term importance of education to raise safety levels and the implementation of the CDM regulations in the European building industry | |
| 260 | _c1997 | ||
| 350 | _a0 | ||
| 490 |
_aStructural Survey _v15(2) 1997, 87-91(5) |
||
| 520 | _aExamines the need to educate professionals involved in all trades at all levels throughout the European construction industry so that the industry as a whole becomes safety-conscious. | ||
| 650 | _aCONSTRUCTION (DESIGN AND MANAGEMENT) REGULATIONS 1994 | ||
| 650 | _aCONSTRUCTION INDUSTRY | ||
| 650 | _aCAREERS, EDUCATION AND TRAINING | ||
| 650 | _aEUROPE | ||
| 690 | _aBUILT ENVIRONMENT-BUILDING STANDARDS | ||
| 700 | _aRudge, D | ||
| 942 | _n0 | ||
| 948 | _c11/08/1997 | ||
| 999 |
_c50478 _d50478 |
||